[Event "Academia Cup op"]
[Site "Italy"]
[Date "1998.??.??"]
[Round "4"]
[White "Teodorescu, Florin Cornel"]
[Black "Verrascina, Nicola"]
[Result "1-0"]
[WhiteElo "2235"]
[BlackElo "2145"]
[PlyCount "115"]
[EventDate "1998.??.??"]
[EventType "swiss"]
[EventRounds "8"]
[EventCountry "ITA"]
[SourceTitle "EXT 2002"]
[Source "ChessBase"]
[SourceDate "2001.11.25"]
[SourceVersion "1"]
[SourceVersionDate "2001.11.25"]
[SourceQuality "1"]

1. e4 d5 2. exd5 Nf6 3. Nc3 Nxd5 4. Bc4 Nb6 5. Bb3 Nc6 6. Qh5 e6 7. Nf3 Qf6 8. 0-0 Qg6 9. Qxg6 hxg6 10. d4 Bd7 11. d5 exd5 12. Nxd5 Nxd5 13. Bxd5 Bd6 14. Re1+ Kf8 15. Bd2 Rh5 16. c4 Re8 17. Rxe8+ Bxe8 18. h3 Nd8 19. Nd4 c6 20. Bf3 Rh4 21. Bg4 Be7 22. Re1 c5 23. Nf3 Rh8 24. Ne5 Nc6 25. Bf3 Nxe5 26. Rxe5 b6 27. Re3 Bf6 28. Ra3 a5 29. Rb3 Bd8 30. Rd3 Bc7 31. Kf1 Rh4 32. Bd5 Rd4 33. Rxd4 cxd4 34. Ke2 Be5 35. Kd3 Ke7 36. f4 Bf6 37. g4 Bh4 38. b3 Bf2 39. Bc1 Bd7 40. Ba3+ Ke8 41. Bd6 a4 42. Be5 axb3 43. axb3 b5 44. Bxd4 bxc4+ 45. Kxc4 Bb5+ 46. Kc5 Bxd4+ 47. Kxd4 f6 48. g5 fxg5 49. fxg5 Bd7 50. h4 Kd8 51. Be4 Be8 52. Kc5 Kc7 53. b4 Kb8 54. Kd6 Kc8 55. Ke7 Bb5 56. Bxg6 Be2 57. Kf8 Kd8 58. Kxg7 1-0

[Event "ROM-ch"]
[Site "Herculane"]
[Date "1996.??.??"]
[Round "2"]
[White "Dumitrache, Dragos Nicolae"]
[Black "Teodorescu, Florin Cornel"]
[Result "1-0"]
[WhiteElo "2495"]
[BlackElo "2320"]
[PlyCount "81"]
[EventDate "1996.12.??"]
[EventType "tourn"]
[EventRounds "15"]
[EventCountry "ROU"]
[EventCategory "8"]
[SourceTitle "CBM 056 Extra"]
[Source "ChessBase"]
[SourceDate "1997.03.01"]
[SourceVersion "1"]
[SourceVersionDate "1997.03.01"]
[SourceQuality "1"]

1. d4 Nf6 2. c4 g6 3. Nc3 Bg7 4. e4 d6 5. Be2 0-0 6. Nf3 e5 7. 0-0 Nc6 8. d5 Ne7 9. b4 Nh5 10. Re1 Kh8 11. c5 Ng8 12. Nd2 Nf4 13. Bf1 f5 14. Nc4 Nf6 15. g3 fxe4 16. gxf4 Ng4 17. Nxe4 exf4 18. Rb1 Qh4 19. h3 Nxf2 20. Nxf2 Qg3+ 21. Kh1 Qxf2 22. Bb2 Bf5 23. Re7 Rf7 24. Qe1 Rxe7 25. Bxg7+ Rxg7 26. Qxf2 Bxb1 27. cxd6 Be4+ 28. Kg1 Bxd5 29. dxc7 Bxc4 30. Bxc4 Rxc7 31. Qxf4 Rg7 32. Kf2 Rd8 33. Kg3 g5 34. Qf6 Rc8 35. Be6 Re8 36. Kg4 a6 37. Kh5 b6 38. Kh6 Rxe6 39. Qxe6 Rg6+ 40. Qxg6 hxg6 41. Kxg6 1-0

[Event "ROM-ch"]
[Site "Herculane"]
[Date "1996.??.??"]
[Round "14"]
[White "Teodorescu, Florin Cornel"]
[Black "Bogdan, Dan"]
[Result "1/2-1/2"]
[WhiteElo "2320"]
[BlackElo "2395"]
[PlyCount "24"]
[EventDate "1996.12.??"]
[EventType "tourn"]
[EventRounds "15"]
[EventCountry "ROU"]
[EventCategory "8"]
[SourceTitle "CBM 056 Extra"]
[Source "ChessBase"]
[SourceDate "1997.03.01"]
[SourceVersion "1"]
[SourceVersionDate "1997.03.01"]
[SourceQuality "1"]

1. Nf3 Nf6 2. c4 g6 3. Nc3 Bg7 4. e4 d6 5. d4 0-0 6. Be2 e5 7. 0-0 Nc6 8. d5 Ne7 9. Ne1 Nd7 10. Nd3 f5 11. f3 f4 12. b4 h5 1/2-1/2

[Event "ROM-ch"]
[Site "Herculane"]
[Date "1996.??.??"]
[Round "8"]
[White "Teodorescu, Florin Cornel"]
[Black "Lupu, Mircea Sergiu"]
[Result "0-1"]
[WhiteElo "2320"]
[BlackElo "2480"]
[PlyCount "38"]
[EventDate "1996.12.??"]
[EventType "tourn"]
[EventRounds "15"]
[EventCountry "ROU"]
[EventCategory "8"]
[SourceTitle "CBM 056 Extra"]
[Source "ChessBase"]
[SourceDate "1997.03.01"]
[SourceVersion "1"]
[SourceVersionDate "1997.03.01"]
[SourceQuality "1"]

1. e4 c5 2. Ne2 g6 3. d4 Bg7 4. Nbc3 cxd4 5. Nxd4 Nc6 6. Be3 d6 7. Bc4 Nf6 8. f3 0-0 9. Qd2 Na5 10. Bb3 Nxb3 11. Nxb3 Be6 12. 0-0-0 Qc7 13. h4 Rfc8 14. Nd4 Qa5 15. Nxe6 fxe6 16. Kb1 Rc4 17. Ne2 Qe5 18. Bd4 Qb5 19. h5 Rac8 0-1

[Event "ROM-ch"]
[Site "Herculane"]
[Date "1996.??.??"]
[Round "7"]
[White "Teodorescu, Florin Cornel"]
[Black "Nisipeanu, Liviu Dieter"]
[Result "0-1"]
[WhiteElo "2320"]
[BlackElo "2500"]
[PlyCount "58"]
[EventDate "1996.12.??"]
[EventType "tourn"]
[EventRounds "15"]
[EventCountry "ROU"]
[EventCategory "8"]
[SourceTitle "CBM 056 Extra"]
[Source "ChessBase"]
[SourceDate "1997.03.01"]
[SourceVersion "1"]
[SourceVersionDate "1997.03.01"]
[SourceQuality "1"]

1. e4 c5 2. Nf3 e6 3. d4 cxd4 4. Nxd4 Nf6 5. Nc3 d6 6. Be3 a6 7. Qf3 Nbd7 8. 0-0-0 Qc7 9. Be2 Rb8 10. g4 b5 11. g5 Ne5 12. Qg3 Nfd7 13. f4 Nc4 14. f5 Nde5 15. g6 hxg6 16. fxe6 Bxe6 17. Nxe6 fxe6 18. Bd4 Rh6 19. Rhf1 Be7 20. Bxc4 bxc4 21. Be3 Rh5 22. Bf4 Qb6 23. b3 Qc5 24. Bxe5 Qxe5 25. Qxe5 Rxe5 26. Rd4 cxb3 27. axb3 Rc5 28. Na4 Rh5 29. Rf2 Bg5+ 0-1

[Event "ROM-ch"]
[Site "Herculane"]
[Date "1996.??.??"]
[Round "3"]
[White "Teodorescu, Florin Cornel"]
[Black "Vajda, Levente"]
[Result "1/2-1/2"]
[WhiteElo "2320"]
[BlackElo "2370"]
[PlyCount "95"]
[EventDate "1996.12.??"]
[EventType "tourn"]
[EventRounds "15"]
[EventCountry "ROU"]
[EventCategory "8"]
[SourceTitle "CBM 056 Extra"]
[Source "ChessBase"]
[SourceDate "1997.03.01"]
[SourceVersion "1"]
[SourceVersionDate "1997.03.01"]
[SourceQuality "1"]

1. e4 e5 2. Nf3 Nc6 3. Bb5 a6 4. Ba4 Nf6 5. d3 d6 6. c3 Be7 7. Nbd2 0-0 8. Nf1 b5 9. Bb3 d5 10. Qe2 dxe4 11. dxe4 h6 12. Ng3 Bd6 13. 0-0 Ne7 14. a4 Bd7 15. Nh4 c5 16. Rd1 Qb6 17. Nhf5 Nxf5 18. Nxf5 Bxf5 19. exf5 c4 20. Bc2 Bc5 21. b4 cxb3 22. Bxb3 Rad8 23. axb5 Rxd1+ 24. Bxd1 axb5 25. Ra2 Rd8 26. Bb3 e4 27. h3 Nd5 28. Bxd5 Rxd5 29. Qxe4 Rd1+ 30. Kh2 Bxf2 31. Ra8+ Rd8 32. Rxd8+ Qxd8 33. Qf3 Qb6 34. Ba3 Qc7+ 35. g3 Ba7 36. Bb4 Qb6 37. h4 Bb8 38. h5 Be5 39. Kg2 Qd8 40. Kh3 Qd2 41. Qe4 Bxc3 42. Bxc3 Qxc3 43. Qe8+ Kh7 44. Qxb5 Qf3 45. Kh4 Qh1+ 46. Kg4 f6 47. Qe2 Qd5 48. Qf3 1/2-1/2